| 000 | 00437nam a2200181Ia 4500 | ||
|---|---|---|---|
| 008 | 171025s9999 xx 000 0 und d | ||
| 020 | _a9780007439430 | ||
| 050 | _a372.5 | ||
| 050 | _bC785 2011 | ||
| 100 | _aCoppock, Lilian | ||
| 245 | _aArt inspired by different cultures / | ||
| 245 | _cby Lilian Coppock. | ||
| 260 | _aLondon : | ||
| 260 | _bBelair, | ||
| 260 | _c2011 | ||
| 300 | _a72 pages : | ||
| 300 | _billustrations ; | ||
| 999 |
_c344649 _d344649 |
||